=LDR 00000nam 2200000 4500 =001 INLIS000000000003903 =005 20250120040709 =035 ##$$a 0010-061300000003903 =008 250120################g##########0#ind## =041 ##$$a Ind =082 ##$$a 510 =090 ##$$a 510, Kre m =100 ##$$a Kreyszig, Erwin =245 1#$$a Matematika teknik lanjutan /$c Erwin Kreyszig =260 ##$$a Jakarta :$b Gramedia,$c 1993 =300 ##$$a xvii, 902 hlm. : $b Ilus ; $c 15 x 25 Cm =650 #4$$a Matematika =850 ##$$a NBPNMAT =020 ##$$a 979-511-227-9 =084 ##$$a 510 KRE m =990 ##$$a DW99003193 =990 ##$$a DW99003194 =990 ##$$a 00046908 =990 ##$$a 34533453 =990 ##$$a 70.268 pro.94 =990 ##$$a DW99003193 =990 ##$$a DW99003194 =990 ##$$a 00046908